Pripravte svoju firmu na hackerské útoky

Útoky neznámych hackerov na české spravodajské portály, internet bankingy a weby telekomunikačných operátorov. Útoky označované skratkou DDoS (Distributed denial of service). Ohrozenie bezpečnosti v online priestore. E-mailové spamy. Motívy hackerov. Služby hackerov využívané v rámci konkurenčného b...

Full description

Saved in:
Bibliographic Details
Main Author: Andacký, Jozef
Format: Book Chapter
Language:Slovak
Subjects:
Tags: Add Tag
No Tags, Be the first to tag this record!

MARC

LEADER 00000naa a2200000 4500
001 0166953
005 20231113081641.2
041 0 |a slo 
044 |a SK 
245 1 0 |a Pripravte svoju firmu na hackerské útoky  |c Jozef Andacký 
520 |a Útoky neznámych hackerov na české spravodajské portály, internet bankingy a weby telekomunikačných operátorov. Útoky označované skratkou DDoS (Distributed denial of service). Ohrozenie bezpečnosti v online priestore. E-mailové spamy. Motívy hackerov. Služby hackerov využívané v rámci konkurenčného boja. Straty a náklady. Poradie krajín, ktoré najviac otravujú škodlivé kódy. 
610 2 0 |a bezpečnosť informačná 
610 2 0 |a technológie informačné 
610 2 0 |a technológie komunikačné 
610 2 0 |a počítače 
610 2 0 |a škody 
100 1 |a Andacký, Jozef